Aportes de la Corte Suprema para el control de razonabilidad de las presunciones (Registro nro. 20004)

Detalles MARC
000 -LEADER
fixed length control field 00356 a2200109 4500
001 - CONTROL NUMBER
control field ART_41614
005 - DATE AND TIME OF LATEST TRANSACTION
control field 20260410161755.0
008 - FIXED-LENGTH DATA ELEMENTS--GENERAL INFORMATION
fixed length control field 260409a
100 1# - MAIN ENTRY--PERSONAL NAME
Personal name Mohadeb, Sergio
245 10 - TITLE STATEMENT
Title Aportes de la Corte Suprema para el control de razonabilidad de las presunciones
773 0# - HOST ITEM ENTRY
Title Doctrina tributaria
Related parts - Nº 374 (may. 2011)
Record control number REV4296

No hay ítems disponibles.